000 00458nam a2200193Ia 4500
005 20240823033116.0
008 240823s9999||||xx |||||||||||||| ||und||
020 _a81-239-0123-2
041 _aENGLISH
082 _A624.151q2
100 _aSehgal S B
245 0 _aSoil Mechanics
250 _a3rd
260 _c2012
_b"CBS Publishers & Distributors,New "
500 _aYES
650 _aSoil Mechanics
_bMechanical
942 _cBK
999 _c195028
_d195028